| 000 | 00346nam a2200133Ia 4500 | ||
|---|---|---|---|
| 008 | 240624s9999 xx 000 0 und d | ||
| 041 | _aeng | ||
| 082 | _a658.4092 WIL | ||
| 100 | _aWILSON MEENA SURIE | ||
| 245 | _aDEVELOPING TOMORROW S LEADERS TODAY INSI | ||
| 260 |
_c2010 _aNew Delhi _bWiley India Pvt Ltd |
||
| 300 | _a214 : p. | ||
| 365 | _cRS | ||
| 999 |
_c18359 _d18359 |
||